|
|
|
|
| LEADER |
01438nam a2200289 i 4500 |
| 001 |
10049502 |
| 003 |
GR-PaULI |
| 005 |
20210117210652.0 |
| 008 |
040212s2005 gr b 1 gre |
| 020 |
|
|
|a 9608883105
|
| 040 |
|
|
|a GR-PaULI
|c GR-PaULI
|b gre
|e AACR2
|
| 082 |
0 |
4 |
|a 617.96
|2 23
|
| 100 |
1 |
|
|9 101769
|a Παπαδόπουλος, Γεώργιος Στ.,
|d 1953-
|e συγγραφέας.
|
| 245 |
1 |
0 |
|a Περιοχική αναισθησία /
|b
|c Γ. Παπαδόπουλος, Α. Βαδαλούκα, Κ. Φίλος.
|
| 260 |
|
|
|a Ιωάννινα :
|b Εφύρα,
|c 2005.
|
| 300 |
|
|
|a 368 σ. :
|b εικ. ;
|c 25 εκ.
|
| 500 |
|
|
|a
|
| 504 |
|
|
|a Περιλαμβάνει βιβλιογραφία.
|
| 650 |
|
4 |
|9 31017
|a Αναισθησιολογία
|
| 650 |
|
4 |
|9 33405
|a Τοπική αναισθησία
|
| 700 |
|
|
|9 169894
|a Βαδαλούκα, Αθηνά Ν.,
|e συγγραφέας.
|d 1948-
|
| 700 |
1 |
|
|9 101749
|a Φίλος, Κρίτων Σπ.,
|e συγγραφέας.
|d 1956-
|
| 942 |
|
|
|2 ddc
|c BK15
|
| 952 |
|
|
|0 0
|1 0
|2 ddc
|4 0
|6 617_960000000000000_ΠΑΠ
|7 0
|9 223894
|a LISP
|b LISP
|c BSC
|d 2018-07-04
|i 115323
|l 0
|o 617.96 ΠΑΠ
|p 025000257448
|r 2018-07-04 00:00:00
|t 1
|v 2018.00
|w 2018-07-04
|y BK15
|
| 952 |
|
|
|0 0
|1 0
|2 ddc
|4 0
|6 617_960000000000000_ΠΑΠ
|7 0
|9 223895
|a LISP
|b LISP
|c BSC
|d 2018-07-04
|i 115106
|l 0
|o 617.96 ΠΑΠ
|p 025000257439
|r 2018-07-04 00:00:00
|t 2
|v 2018.00
|w 2018-07-04
|y BK15
|
| 998 |
|
|
|c ΜΠΟΥΡΑΣ
|d 2018-07
|
| 999 |
|
|
|c 135279
|d 135279
|